01487nam a2200289 a 450000100100000000500170001000800410002704000250006808200180009310000460011124501020015726000350025930000200029450000340031459000260034865000320037465000390040665000340044565000320047991000380051195201310054995201310068095201310081195201160094295201220105899900170118000003886120260326140254.0130430s1994 dr 000 0 spa d aDO-SdBNPbspacBNPHU a331.04bH557c1 aHernández Caamaño, Ida,d1949-92922610aConceptos y normas laborales esenciales en la relación de trabajo /cIda Hernández Caamaño. aSanto Domingo :bINTEC,c1994. a28 p. ;c21 cm. aPrograma INTEC-EDUCA-P.I.P.E. aInventariado, 2018/VM 4aRelaciones laborales949794 0aAdministración de personal91581 4aEconomía del trabajo949793 0aContratos de trabajo916459 aValidado. Control de calidad EMS. 001054708DSaGRbGRcHDd2013-07-29iLF1l0o331.04 H557cp38861-30r2020-06-25te. 3w2020-06-25yLFDSZPréstamo en sala 001054708DSaGRbGRcHDd2013-10-21iLF1l0o331.04 H557cp38861-40r2020-06-25te. 4w2020-06-25yLFDSZPréstamo en sala 001054708DSaGRbGRcHDd2014-03-05iLF1l0o331.04 H557cp38861-50r2020-06-25te. 5w2020-06-25yLFDSZPréstamo en sala 0010718PDaPDbPDcHDd2013-04-30iLF1l0o331.04 H557cp38861-10r2020-06-25w2020-06-25yLFPDZNo se presta 0010718PDaPDbPDcHDd2013-06-19iLF1l0o331.04 H557cp38861-20r2020-06-25te. 2w2020-06-25yLFPDZNo se presta c38351d38351